书目信息 |
| 题名: |
考研英语新大纲标准词汇掌上宝
|
|
| 作者: | 周洁 主编 ;梅雪 , 葛晓莉 编著 | |
| 分册: | ||
| 出版信息: | 北京 中国物资出版社 2005.07 |
|
| 页数: | 276页 | |
| 开本: | 19cm | |
| 丛书名: | 新东方大愚英语学习丛书 | |
| 单 册: | ||
| 中图分类: | H313.1 | |
| 科图分类: | ||
| 主题词: | 英语--ying yu--词汇--研究生--入学考试--升学参考资料 | |
| 电子资源: | ||
| ISBN: | 7-5047-2362-2 | |
| 000 | 01125nam 2200277 450 | |
| 001 | 012007460947 | |
| 005 | 20070920153523.79 | |
| 010 | @a7-5047-2362-2@dCNY12.00 | |
| 100 | @a20070827d2005 km y0chiy0120 ea | |
| 101 | 0 | @achi@aeng |
| 102 | @aCN@b110000 | |
| 105 | @ay z 000yy | |
| 200 | 1 | @a考研英语新大纲标准词汇掌上宝@Akao yan ying yu xin da gang biao zhun ci hui zhang shang bao@f周洁主编@Fzhou jie zhu bian@g梅雪, 葛晓莉编著@Gmei xue,ge xiao li bian zhu |
| 210 | @a北京@c中国物资出版社@d2005.07 | |
| 215 | @a276页@d19cm | |
| 225 | 2 | @a新东方大愚英语学习丛书@Axin dong fang da yu ying yu xue xi cong shu |
| 300 | @a新东方考研英语培训教材 | |
| 330 | @a本书从考生的实际需要出发,本着节省考生的时间与精力、提高学习效率的原则,仅列出大纲中每一个词条的音标、中文释义和相关词组。编排错落有致,使考生轻松掌握大纲单词。 | |
| 410 | 0 | @12001 @a新东方大愚英语学习丛书 |
| 606 | 0 | @a英语@Aying yu@x词汇@x研究生@x入学考试@j升学参考资料 |
| 690 | @aH313.1@v4 | |
| 701 | 0 | @a周洁@Azhou jie@4主编 |
| 702 | 0 | @a梅雪@Amei xue@4编著 |
| 702 | 0 | @a葛晓莉@Age xiao li@4编著 |
| 801 | 0 | @aCN@c20070920 |
| 905 | @dH313.1@eZ771 | |
| 考研英语新大纲标准词汇掌上宝/周洁主编/梅雪, 葛晓莉编著.-北京:中国物资出版社,2005.07 |
| 276页;19cm.-(新东方大愚英语学习丛书) |
| 新东方考研英语培训教材 |
| ISBN 7-5047-2362-2:CNY12.00 |
| 本书从考生的实际需要出发,本着节省考生的时间与精力、提高学习效率的原则,仅列出大纲中每一个词条的音标、中文释义和相关词组。编排错落有致,使考生轻松掌握大纲单词。 |
| ● |
| 相关链接 |
|
|
|
正题名:考研英语新大纲标准词汇掌上宝
索取号:H313.1/Z771
 
预约/预借
| 序号 | 登录号 | 条形码 | 馆藏地/架位号 | 状态 | 备注 |
| 1 | 262244 | 202622448 | 语言库209/209语言库 33排6列6层/ [索取号:H313.1/Z771] | 在馆 | |
| 2 | 262245 | 202622457 | 语言库209/209语言库 33排6列6层/ [索取号:H313.1/Z771] | 在馆 | |
| 3 | 262246 | 202622466 | 语言库209/209语言库 33排6列6层/ [索取号:H313.1/Z771] | 在馆 |